| 000 | 00537nam a22001937a 4500 | ||
|---|---|---|---|
| 003 | CEME | ||
| 005 | 20210628210024.0 | ||
| 008 | 210210b xxu||||| |||| 00| 0 eng d | ||
| 020 | _a0-08-042264-0 | ||
| 040 | _c. | ||
| 082 | _a621.815 MOL | ||
| 100 |
_aMolian, S _977872 |
||
| 245 | _aMechanism design the practical kinematics and dynamics of machinery | ||
| 250 | _a2ND | ||
| 260 |
_aUSA _bELSEVIER SCIENCE _c1997 |
||
| 300 | _a223P | ||
| 650 |
_aMACHINE DESIGN MACHINERY KINEMATICS MACHINERY DYNAMICS _977873 |
||
| 942 |
_cBK _2ddc |
||
| 999 |
_c583064 _d583064 |
||